000 00341nam a2200133Ia 4500
005 20251222142031.0
008 251222s9999||||xx |||||||||||||| ||spa||
020 _a9972-613-15-1
082 _a869.57/V31
100 _aVarela, Blanca
245 0 _aEl Libro de Barro y Otros Poemás
264 _bInstituto Nacional de Cultura
942 _cLIB
999 _c10973
_d10973